Manchester United highest transfers based on countries #1 - Statistics

General Stats
  • This quiz has been taken 147 times
  • The average score is 10 of 15
Answer Stats
Country Value Player % Correct
France 105,00 Mill. € Paul Pogba
96%
Belgium 84,70 Mill. € Romelu Lukaku
86%
Chilie 34,00 Mill. € Alexis Sánchez
84%
Spain 44,73 Mill. € Juan Mata
81%
Argentina 75,00 Mill. € Ángel Di María
79%
Sweeden 35,00 Mill. € Victor Lindelöf
77%
Portugal 25,50 Mill. € Nani
73%
Republic of Ireland 8,50 Mill. € Roy Keane
72%
Brazil 59,00 Mill. € Fred
69%
Italy 18,00 Mill. € Matteo Darmian
67%
Germany 9,00 Mill. € Bastian Schweinsteiger
65%
England 46,00 Mill. € Rio Ferdinand
57%
Netherlands 34,00 Mill. € Memphis Depay
51%
Wales 2,75 Mill. € Mark Hughes
30%
Scotland 1,20 Mill. € Brian McClair
24%
No matching quizzes found
Score Distribution
Percent of People with Each Score
Percentile by Number Answered
Your Score History
You have not taken this quiz